| 000 | 00697nam a22001937a 4500 | ||
|---|---|---|---|
| 999 |
_c22244 _d22244 |
||
| 003 | AR-CdUCM | ||
| 008 | 190425b ||||| |||| 00| 0 spa d | ||
| 040 |
_aMUNICIPALIDAD PROVINCIAL DEL CUSCO _cBIBLIOTECA MUNICIPAL DEL CUSCO |
||
| 082 | _aSeda/N°1/2003 | ||
| 245 |
_aSeda Cusco : _brevista institucional / |
||
| 260 |
_aCusco. _bPunto impreso, _c2003. |
||
| 300 |
_a34 páginas. : _bilustraciones ; _c29 cm. |
||
| 440 |
_aSeda Cusco. _nN°1, abril 2003. _947743 |
||
| 505 | _aContenido: Agua pura. -- Mejoramiento de la continuidad del servicio de agua en la ciudad de Cusco. ... | ||
| 650 |
_aServicios públicos _939654 |
||
| 650 |
_aAgua potable _911845 |
||
| 942 |
_2ddc _cPP |
||
| 945 | _arac | ||